000
00259nam a22001097a 4500
008
240713b |||||||| |||| 00| 0 eng d
100
_a
Grami, Z.M.
_9
16995
245
_a
Mehran
260
_a
NewDelhi;
_b
Sindhi Samaj Pub.
_c
1960.
300
_a
262p.
942
_c
BK
999
_c
40199
_d
40199